<?xml version="1.0" encoding="UTF-8"?>
<record
    xmlns:xsi="http://www.w3.org/2001/XMLSchema-instance"
    xsi:schemaLocation="http://www.loc.gov/MARC21/slim http://www.loc.gov/standards/marcxml/schema/MARC21slim.xsd"
    xmlns="http://www.loc.gov/MARC21/slim">

  <leader>02205nam a22004457a 4500</leader>
  <controlfield tag="005">20240517140150.0</controlfield>
  <controlfield tag="008">240517b        -us||||| |||| 00| 0 eng d</controlfield>
  <datafield tag="020" ind1=" " ind2=" ">
    <subfield code="a">07990729717</subfield>
  </datafield>
  <datafield tag="245" ind1=" " ind2=" ">
    <subfield code="a">The Color Purple</subfield>
    <subfield code="c"> / direcci&#xF3;n, Steven Spielberg ; guion Menno Meyjes, Alice Walker</subfield>
    <subfield code="h">[videograbaciones]</subfield>
  </datafield>
  <datafield tag="260" ind1=" " ind2=" ">
    <subfield code="a">Estados Unidos</subfield>
    <subfield code="b">Warner Bros :</subfield>
    <subfield code="b">Amblin Entertainment,</subfield>
    <subfield code="c">1985</subfield>
  </datafield>
  <datafield tag="300" ind1=" " ind2=" ">
    <subfield code="a">videodisco [147 min.] :</subfield>
    <subfield code="b">Dolby digital 5.1</subfield>
    <subfield code="c">4 3/4 plg.</subfield>
  </datafield>
  <datafield tag="508" ind1=" " ind2=" ">
    <subfield code="a">m&#xFA;sica, Quincy Jones ; fotograf&#xED;a, Allen Daviau</subfield>
  </datafield>
  <datafield tag="511" ind1=" " ind2=" ">
    <subfield code="a">Danny Glover, Whoopi Goldberg, Adolph Caesar, Akosua Busia, Laurence Fishburne, Oprah Winfrey, Rae Dawn Chong, Margaret Avery, Bennet Guillory.
</subfield>
  </datafield>
  <datafield tag="520" ind1=" " ind2=" ">
    <subfield code="a">Sinopsis. Principios del siglo XX. Narra la historia de Celie, una adolescente negra de catorce a&#xF1;os que est&#xE1; embarazada de su propio padre, un hombre desp&#xF3;tico y cruel. A partir de entonces su vida estar&#xE1; llena de dolor y humillaciones.</subfield>
  </datafield>
  <datafield tag="521" ind1=" " ind2=" ">
    <subfield code="a">PG-13</subfield>
  </datafield>
  <datafield tag="538" ind1=" " ind2=" ">
    <subfield code="a">DVD</subfield>
  </datafield>
  <datafield tag="546" ind1=" " ind2=" ">
    <subfield code="a">Ingl&#xE9;s y subt&#xED;tulos en Frances y espa&#xF1;ol </subfield>
  </datafield>
  <datafield tag="546" ind1=" " ind2=" ">
    <subfield code="a"> Frances y subt&#xED;tulos en  ingl&#xE9;s y espa&#xF1;ol</subfield>
  </datafield>
  <datafield tag="586" ind1=" " ind2=" ">
    <subfield code="a">1985: 11 nominaciones al Oscar, incluyendo mejor pel&#xED;cula, guion y actriz (Goldberg)</subfield>
  </datafield>
  <datafield tag="586" ind1=" " ind2=" ">
    <subfield code="a">1985: Globo de Oro: Mejor Actriz (Goldberg). 5 nominaciones</subfield>
  </datafield>
  <datafield tag="586" ind1=" " ind2=" ">
    <subfield code="a">1985: 2 premios National Board of Review: Mejor pel&#xED;cula y actriz (Goldberg)</subfield>
  </datafield>
  <datafield tag="586" ind1=" " ind2=" ">
    <subfield code="a">1985: Sindicato de Directores (DGA): Mejor director</subfield>
  </datafield>
  <datafield tag="586" ind1=" " ind2=" ">
    <subfield code="a">1985: Sindicato de Guionistas (WGA): Nominada a mejor guion adaptado</subfield>
  </datafield>
  <datafield tag="586" ind1=" " ind2=" ">
    <subfield code="a">1986: Premios BAFTA: Nominada a mejor guion adaptado</subfield>
  </datafield>
  <datafield tag="700" ind1="1" ind2=" ">
    <subfield code="a">Spielberg, Steven </subfield>
    <subfield code="e">Director</subfield>
  </datafield>
  <datafield tag="700" ind1="1" ind2=" ">
    <subfield code="a">Meyjes, Menno </subfield>
    <subfield code="e">guionista</subfield>
  </datafield>
  <datafield tag="700" ind1="1" ind2=" ">
    <subfield code="a">Walker, Alice </subfield>
    <subfield code="e">guionista</subfield>
  </datafield>
  <datafield tag="700" ind1="1" ind2=" ">
    <subfield code="a">Jones, Quincy </subfield>
    <subfield code="e">director de m&#xFA;sica</subfield>
  </datafield>
  <datafield tag="700" ind1="1" ind2=" ">
    <subfield code="a">Daviau, Allen </subfield>
    <subfield code="e">director de fotograf&#xED;a</subfield>
  </datafield>
  <datafield tag="700" ind1="1" ind2=" ">
    <subfield code="a">Glover, Danny </subfield>
    <subfield code="e">actor</subfield>
  </datafield>
  <datafield tag="700" ind1="1" ind2=" ">
    <subfield code="a">Goldberg, Whoopi</subfield>
    <subfield code="e">actora</subfield>
  </datafield>
  <datafield tag="700" ind1="1" ind2=" ">
    <subfield code="a">Caesar, Adolph </subfield>
    <subfield code="e">actor</subfield>
  </datafield>
  <datafield tag="700" ind1="1" ind2=" ">
    <subfield code="a">Busia, Akosua </subfield>
    <subfield code="e">actora</subfield>
  </datafield>
  <datafield tag="700" ind1="1" ind2=" ">
    <subfield code="a">Fishburne, Laurence </subfield>
    <subfield code="e">actor</subfield>
  </datafield>
  <datafield tag="700" ind1="1" ind2=" ">
    <subfield code="a">Winfrey, Oprah </subfield>
    <subfield code="e">actora</subfield>
  </datafield>
  <datafield tag="700" ind1="1" ind2=" ">
    <subfield code="a">Dawn Chong, Rae </subfield>
    <subfield code="e">actora</subfield>
  </datafield>
  <datafield tag="700" ind1="1" ind2=" ">
    <subfield code="a">Avery, Margaret </subfield>
    <subfield code="e">actora</subfield>
  </datafield>
  <datafield tag="700" ind1="1" ind2=" ">
    <subfield code="a">Guillory, Bennet </subfield>
    <subfield code="e">actor</subfield>
  </datafield>
  <datafield tag="942" ind1=" " ind2=" ">
    <subfield code="2">lcc</subfield>
    <subfield code="c">DIC</subfield>
  </datafield>
  <datafield tag="999" ind1=" " ind2=" ">
    <subfield code="c">170256</subfield>
    <subfield code="d">170254</subfield>
  </datafield>
  <datafield tag="952" ind1=" " ind2=" ">
    <subfield code="0">0</subfield>
    <subfield code="1">0</subfield>
    <subfield code="2">lcc</subfield>
    <subfield code="4">0</subfield>
    <subfield code="7">0</subfield>
    <subfield code="a">INV-033</subfield>
    <subfield code="b">INV-033</subfield>
    <subfield code="c">MA</subfield>
    <subfield code="d">2024-05-17</subfield>
    <subfield code="e">PROFEXCE-2020</subfield>
    <subfield code="l">0</subfield>
    <subfield code="p">IIH000036440</subfield>
    <subfield code="r">2024-05-17 15:02:58</subfield>
    <subfield code="t">1</subfield>
    <subfield code="v">1.00</subfield>
    <subfield code="w">2024-05-17</subfield>
    <subfield code="y">DIC</subfield>
  </datafield>
</record>
